Berland, la ciudad escondida / (Registro nro. 6418)

Detalles MARC
000 -LEADER
fixed length control field 01652nam a22003017a 4500
003 - CONTROL NUMBER IDENTIFIER
control field OSt
005 - DATE AND TIME OF LATEST TRANSACTION
control field 20250611163458.0
008 - FIXED-LENGTH DATA ELEMENTS--GENERAL INFORMATION
fixed length control field 200203s1985 sp a|||br|||| 00| f spa d
020 ## - INTERNATIONAL STANDARD BOOK NUMBER
International Standard Book Number 8435507122
040 ## - CATALOGING SOURCE
Original cataloging agency CO-JMCR
Transcribing agency CO-JMCR
041 0# - LANGUAGE CODE
Language code of text/sound track or separate title spa
082 ## - DEWEY DECIMAL CLASSIFICATION NUMBER
Classification number J-N
Item number NEUb
100 1# - MAIN ENTRY--PERSONAL NAME
Personal name Neuschäfer-Carlón, Mercedes,
Relator term autora
9 (RLIN) 113
245 10 - TITLE STATEMENT
Title Berland, la ciudad escondida /
Statement of responsibility, etc. Mercedes Neuschäfer-Carlón ; ilustraciones de Gerardo Amechazurra
260 ## - PUBLICATION, DISTRIBUTION, ETC.
Place of publication, distribution, etc. Madrid ;
Name of publisher, distributor, etc. Susaeta,
Date of publication, distribution, etc. 1985
300 ## - PHYSICAL DESCRIPTION
Extent 96 páginas :
Other physical details ilustraciones a blanco y negro ;
Dimensions 19 cm.
490 0# - SERIES STATEMENT
Series statement Las campanas
Volume/sequential designation 57
500 ## - GENERAL NOTE
General note Incluye datos biográficos de la autora en tapa posterior.
505 0# - FORMATTED CONTENTS NOTE
Formatted contents note Carlos -- El pasadizo secreto -- Berland -- La noche de Matusén -- El último regalo -- El sueño del gran pájaro -- Vuelta a su mundo -- Un extraño conejillo de indias -- Decisión -- El recuerdo de Berland
520 ## - SUMMARY, ETC.
Summary, etc. En un país montañoso en el centro de Europa, vive Carlos. Carlos es bastante buen chico y un estupendo jugador de fútbol. Gracias a ello ha conseguido buenos amigos. Últimamente, sin embargo, anda Carlos preocupado: en la escuela no van bien las cosas; en el fútbol comienzan a ir mal , Carlos es pequeño y, para triunfar, necesitaría crecer, Pero Carlos no crece. Y entonces es cuando un día descubre el pasadizo secreto, que le lleva a La ciudad escondida...
521 ## - TARGET AUDIENCE NOTE
Target audience note
586 ## - AWARDS NOTE
Awards note Premio Amade
650 14 - SUBJECT ADDED ENTRY--TOPICAL TERM
General subdivision Ciudad escondida
9 (RLIN) 114
Topical term or geographic name entry element Novela infantil española
650 14 - SUBJECT ADDED ENTRY--TOPICAL TERM
General subdivision Futbol
9 (RLIN) 115
Topical term or geographic name entry element Novela infantil
650 24 - SUBJECT ADDED ENTRY--TOPICAL TERM
General subdivision Tunel
9 (RLIN) 116
Topical term or geographic name entry element Novela infantil
700 1# - ADDED ENTRY--PERSONAL NAME
Personal name Amechazurra, Gerardo,
Relator term ilustrador
9 (RLIN) 117
942 ## - ADDED ENTRY ELEMENTS (KOHA)
Source of classification or shelving scheme Dewey Decimal Classification
Koha item type Books
Existencias
Withdrawn status Lost status Source of classification or shelving scheme Damaged status Not for loan Collection code Home library Current library Shelving location Date acquired Source of acquisition Cost, normal purchase price Total Checkouts Full call number Barcode Date last seen Copy number Price effective from Koha item type
    Dewey Decimal Classification     Fiction Biblioteca Pública José María del Castillo y Rada Biblioteca Pública José María del Castillo y Rada Processing Center 12/19/2019 Donación 0.00   J-N NEUb 201809705 02/03/2020 Ej.1 02/03/2020 Books